Energy Trends and Prices statistical release (Record no. 115525)

MARC details
000 -LEADER
fixed length control field 00988cam a22002055a 4500
001 - CONTROL NUMBER
control field L158825
008 - FIXED-LENGTH DATA ELEMENTS--GENERAL INFORMATION
fixed length control field 150731s2015 xxk f 000 0 eng d
035 ## - SYSTEM CONTROL NUMBER
System control number (Sirsi) u158825
041 0# - LANGUAGE CODE
Language code of text/sound track or separate title eng
110 2# - MAIN ENTRY--CORPORATE NAME
Corporate name or jurisdiction name as entry element United Kingdom
Subordinate unit Department of Energy and Climate Change
9 (RLIN) 5850
245 00 - TITLE STATEMENT
Title Energy Trends and Prices statistical release
Remainder of title 30 July 2015
260 ## - PUBLICATION, DISTRIBUTION, ETC.
Place of publication, distribution, etc. London
-- ECC
Date of publication, distribution, etc. 2015
490 #0 - SERIES STATEMENT
Series statement DECC Press Notice
Volume/sequential designation 30 July 2015
520 ## - SUMMARY, ETC.
Summary, etc. Latest provisional monthly energy statistics. These highlight the 3 month period March to May 2015 compared with a year earlier and include the fact that primary energy consumption in the UK rose by 2.4%; indigenous energy production rose by 6.2% and production growth was at its highest rate since 1999.
590 ## - LOCAL NOTE (RLIN)
Local note KA
651 #4 - SUBJECT ADDED ENTRY--GEOGRAPHIC NAME
Geographic name United Kingdom
690 ## - LOCAL SUBJECT ADDED ENTRY--TOPICAL TERM (OCLC, RLIN)
Topical term or geographic name as entry element Energy
9 (RLIN) 6237
856 40 - ELECTRONIC LOCATION AND ACCESS
Uniform Resource Identifier <a href="https://www.gov.uk/government/news/energy-trends-and-prices-statistical-release-30-july-2015">https://www.gov.uk/government/news/energy-trends-and-prices-statistical-release-30-july-2015</a>
Public note View the item free of charge at www.gov.uk
942 ## - ADDED ENTRY ELEMENTS (KOHA)
Suppress in OPAC 0
Holdings
Withdrawn status Lost status Source of classification or shelving scheme Damaged status Not for loan Home library Current library Shelving location Date acquired Total Checkouts Full call number Barcode Date last seen Copy number Price effective from Koha item type
    Dewey Decimal Classification     London London Online 31/07/2015   L158825 158825-1001 06/08/2019 1 06/08/2019 Book